Krstný otec sa vracia ... a sním aj obľúbené postavy mafiánskej ságy Maria Puza

Bibliographic Details
Main Author: Winegardner, Mark, 1961- (Author)
Other Authors: Kot, Jozef, 1936-2022 (Translator), Fabianová, Viera (Bookjacket designer)
Format: Book
Language:Slovak
English
PhysicalDescription:528 s. 21 cm
Published: Bratislava Ikar 2006
ISBN:8055111634
Edition:[1. vyd.]
Subjects:

MARC

LEADER 00000nam a2200000 a 4500
001 vtls008698242
003 SK-MaSNL
005 20260301021728.0
008 240315s2006 xo g 000 f slo
015 |a SNBA2006/10-05209 
020 |a 8055111634  |q (viaz.) 
035 |a urn:nbn:sk:snk-am00b6qa 
035 |a urn:nbn:sk:snk-am3h7oy 
035 |a 6C2EFDA2-9CE0-4BEA-9030-BECC80B8E3F5 
040 |a SNK  |b slo  |c SNK  |e AACR2 
041 1 |a slo  |h eng 
044 |a xo  |c SK 
072 7 |a 821.111(73)-3  |x Americká próza  |2 konspekt 
080 |a 821.111(73)-31  |2 2011 
080 |a 343.9.02  |2 2011 
100 1 |a Winegardner, Mark,  |d 1961-  |4 aut  |9 311174 
240 1 4 |a The godfather returns  |l Slovensky 
245 1 0 |a Krstný otec sa vracia  |b ... a sním aj obľúbené postavy mafiánskej ságy Maria Puza  |c Mark Winegardner ; [z anglického originálu preložil Jozef Kot] 
250 |a [1. vyd.] 
260 |a Bratislava  |b Ikar  |c 2006 
300 |a 528 s.  |c 21 cm 
500 |a Obsahuje profesijné údaje o autorovi na záložke prebalu publikácie 
650 0 7 |a mafia  |2 SNKPH  |9 2675 
650 0 7 |a mafia  |2 SNKPHeng  |9 2675 
655 7 |a americké romány  |2 SNKPH  |9 1174 
655 7 |a American novels  |2 SNKPHeng  |9 277755 
700 1 |a Kot, Jozef,  |d 1936-2022  |4 trl  |9 87654 
700 1 |a Fabianová, Viera  |4 bjd  |9 244479 
919 |a 80-551-1163-4 
958 |a OND 
958 |a UP 
958 |a LX 
958 |a PM 
968 |b ENG  |d 821 
999 |c 565995  |d 567925 
952 |a SNK  |b SNK  |y PREZ  |7 0  |p 17A0508184  |o snkSC 123629D1  |i snk2006/9170  |8 0  |0 0  |1 0  |4 0  |d 2006-05-04  |f 1  |l 0  |r 2017-06-30 00:00:00  |w 2026-02-23 
952 |a SNK  |b SNK  |y PREZ  |7 0  |p 17A0508480  |o snkSC 123629  |i snk2006/9670  |8 0  |0 0  |1 0  |4 0  |d 2006-05-15  |l 0  |r 2026-02-23 13:57:39  |w 2026-02-23